书目信息 |
| 题名: |
文化的盟约
|
|
| 作者: | 孔志国 整理 | |
| 分册: | ||
| 出版信息: | 北京 团结出版社 2003 |
|
| 页数: | 182页 | |
| 开本: | 23cm | |
| 丛书名: | 名牌大学名师讲堂 | |
| 单 册: | ||
| 中图分类: | G0-53 | |
| 科图分类: | ||
| 主题词: | 文化学--文集 , 文化学 | |
| 电子资源: | ||
| ISBN: | 7-80130-669-4 | |
| 000 | 00902oam2 2200277 450 | |
| 001 | 1252694624 | |
| 005 | 20121005143900.10 | |
| 010 | @a7-80130-669-4@dCNY23.00 | |
| 100 | @a20030213d2003 kemy0chiy0110 ea | |
| 101 | 0 | @achi |
| 102 | @aCN@b110000 | |
| 105 | @ay z 000yy | |
| 200 | 1 | @a文化的盟约@Awen hua de meng yue@e当代文化问题十二讲@f[孔志国等整理] |
| 210 | @a北京@c团结出版社@d2003 | |
| 215 | @a182页@d23cm | |
| 225 | 2 | @a名牌大学名师讲堂 |
| 300 | @a北大青年学人讲坛(3) | |
| 330 | @a本书包括关于中国文化心理与全球化、中国入世后的媒体发展趋势,隐士的哲学,文明冲突还是文化盟约,科学与人文等十二讲。 | |
| 461 | 0 | @12001 @a名牌大学名师讲堂 |
| 517 | 1 | @a当代文化问题十二讲@Adang dai wen hua wen ti shi er jiang |
| 606 | 0 | @a文化学@j文集 |
| 606 | 0 | @a文化学 |
| 690 | @aG0-53@v4 | |
| 701 | 0 | @a孔志国@Akong zhi guo@4整理 |
| 801 | 0 | @aCN@bNLC@c20101222 |
| 905 | @a10447@dG0-53@eJY44 | |
| 文化的盟约:当代文化问题十二讲/[孔志国等整理].-北京:团结出版社,2003 |
| 182页;23cm.-(名牌大学名师讲堂) |
| 北大青年学人讲坛(3) |
| ISBN 7-80130-669-4:CNY23.00 |
| 本书包括关于中国文化心理与全球化、中国入世后的媒体发展趋势,隐士的哲学,文明冲突还是文化盟约,科学与人文等十二讲。 |
| ● |
| 相关链接 |
|
|
|
|
正题名:文化的盟约
索取号:G0-53/JY44
 
预约/预借
| 序号 | 登录号 | 条形码 | 馆藏地/架位号 | 状态 | 备注 |
| 1 | 7814479 | 278144795 | 学院路分馆/ [索取号:G0-53/JY44] | 在馆 | |
| 2 | 7814480 | 278144802 | 学院路分馆/ [索取号:G0-53/JY44] | 在馆 |